000 01119cam a2200289 a 4500
001 2143069
005 20250903084635.0
008 980720s1999 nyua b 001 0 eng
020 _a0684843161
020 _a9780684843162
050 0 0 _aHQ46
_b.S523 1999
082 0 0 _a306.7/082
_221
100 1 _aShalit, Wendy,
_d1975-
245 1 2 _aA return to modesty :
_bdiscovering the lost virtue /
_cWendy Shalit.
260 _aNew York, NY :
_bFree Press,
_cc1999.
300 _a291 p. :
_bill. ;
_c25 cm.
650 0 _aSexual ethics for women.
650 0 _aWomen
_xSexual behavior.
650 0 _aJewish women
_xSexual behavior.
650 0 _aWomen
_xConduct of life.
650 0 _aModesty.
856 4 2 _3Publisher description
_uhttp://www.loc.gov/catdir/description/simon031/98030489.html
856 4 1 _3Table of contents only
_uhttp://www.loc.gov/catdir/enhancements/fy0707/98030489-t.html
856 4 2 _3Contributor biographical information
_uhttp://www.loc.gov/catdir/enhancements/fy0707/98030489-b.html
856 4 1 _3Sample text
_uhttp://www.loc.gov/catdir/enhancements/fy0707/98030489-s.html
942 _2lcc
_cBK
_n0
999 _c7439
_d7439